The commanders / (Record no. 1077)

000 -LEADER
fixed length control field 01363nam a22003617a 4500
001 - CONTROL NUMBER
control field 2959464
003 - CONTROL NUMBER IDENTIFIER
control field OSt
005 - DATE AND TIME OF LATEST TRANSACTION
control field 20210426125403.0
008 - FIXED-LENGTH DATA ELEMENTS--GENERAL INFORMATION
fixed length control field 910327s1991 nyua 001 0 eng
010 ## - LIBRARY OF CONGRESS CONTROL NUMBER
LC control number 91013037
020 ## - INTERNATIONAL STANDARD BOOK NUMBER
International Standard Book Number 0671413678
040 ## - CATALOGING SOURCE
Original cataloging agency DLC
Transcribing agency DLC
Modifying agency DLC
Language of cataloging eng
041 ## - LANGUAGE CODE
Language code of text/sound track or separate title eng
043 ## - GEOGRAPHIC AREA CODE
Geographic area code n-us---
050 00 - LIBRARY OF CONGRESS CALL NUMBER
Classification number E881
Item number .W66 1991
080 ## - UNIVERSAL DECIMAL CLASSIFICATION NUMBER
Universal Decimal Classification number 32
Item number W-83
082 00 - DEWEY DECIMAL CLASSIFICATION NUMBER
Classification number 973.928/092
Edition number 20
100 1# - MAIN ENTRY--PERSONAL NAME
Personal name Woodward, Bob,
Dates associated with a name 1943-
245 14 - TITLE STATEMENT
Title The commanders /
Statement of responsibility, etc. Bob Woodward.
Remainder of title / by: Simon & Schuster
260 ## - PUBLICATION, DISTRIBUTION, ETC.
Place of publication, distribution, etc. New York :
Name of publisher, distributor, etc. Simon & Schuster
Date of publication, distribution, etc. c1991.
300 ## - PHYSICAL DESCRIPTION
Extent 398 p.
Other physical details 28 ill.
Dimensions 25 cm.
365 ## - TRADE PRICE
Price amount 24.95 usd
500 ## - GENERAL NOTE
General note Includes index.
600 10 - SUBJECT ADDED ENTRY--PERSONAL NAME
Personal name Bush, George,
Dates associated with a name 1924-2018
General subdivision Military leadership.
650 #0 - SUBJECT ADDED ENTRY--TOPICAL TERM
9 (RLIN) 443
Topical term or geographic name entry element Politics
651 #0 - SUBJECT ADDED ENTRY--GEOGRAPHIC NAME
Geographic name United States
General subdivision Foreign relations
Chronological subdivision 1989-1993
General subdivision Decision making.
651 #0 - SUBJECT ADDED ENTRY--GEOGRAPHIC NAME
Geographic name United States
General subdivision Military policy
-- Decision making.
653 ## - INDEX TERM--UNCONTROLLED
Uncontrolled term პოლიტიკა
653 ## - INDEX TERM--UNCONTROLLED
Uncontrolled term საერთაშორისო ურთიერთობები
906 ## - LOCAL DATA ELEMENT F, LDF (RLIN)
a 7
b cbc
c orignew
d 1
e ocip
f 19
g y-gencatlg
942 ## - ADDED ENTRY ELEMENTS (KOHA)
Source of classification or shelving scheme
Koha item type Books
Holdings
Withdrawn status Lost status Source of classification or shelving scheme Damaged status Not for loan Permanent location Current location Date acquired Inventory number Total Checkouts Full call number Barcode Date last seen Price effective from Koha item type
          Ken Walker International University Ken Walker International University 02/01/2021 2518   32 W-83 2518 02/01/2021 02/01/2021 Books

Powered by Koha